| 000 | 00599nam a22002177a 4500 | ||
|---|---|---|---|
| 003 | NALT | ||
| 005 | 20220908143215.0 | ||
| 008 | s2013 f eng d | ||
| 020 | _a9786167339252 | ||
| 040 | _aNALT | ||
| 041 | _aeng | ||
| 090 |
_aFIC _bB87W 2013 |
||
| 100 | 1 |
_aBurgess, John _927183 |
|
| 245 | 1 | 2 |
_aA woman of Angkor / _cJohn Burgess. |
| 260 |
_aBangkok : _bRiver Books, _c2013. |
||
| 300 |
_a500 p. ; _b _c21 cm. |
||
| 650 | 0 |
_aFiction _915266 |
|
| 850 | _aNALT | ||
| 942 |
_cFIC _2local |
||
| 998 |
_bปรียานุช คลอวุฒิวัฒน์ _bphon _c101 _j104 _k นางสาวสายฝน ดีงาม |
||
| 999 |
_c70449 _d70449 |
||